| 000 | 01271cam a22003974i 4500 | ||
|---|---|---|---|
| 003 | PE-LiUPU | ||
| 005 | 20250731173158.0 | ||
| 008 | 150623s r 000 0 d | ||
| 035 | _a(Sirsi) a29329 | ||
| 040 |
_aPE-LiUPU _bspa _cPE-LiUPU _erda |
||
| 082 | 0 | 4 |
_a253.7 _bR7 _221 |
| 100 | 1 |
_aRobertson, E. H., _eautor. |
|
| 245 | 1 | 0 |
_aDietrich Bonhoeffer : _bintroduccion al pensamiento teologico. |
| 264 | 1 |
_aBuenos Aires : _bMundo hispano, _c1966. |
|
| 300 |
_a92 páginas ; _c18 cm. |
||
| 336 |
_atext _2rdacontent |
||
| 337 |
_aunmediated _2rdamedia |
||
| 338 |
_avolume _2rdacarrier |
||
| 505 | 0 | _aVida. -Pensamiento. -Significado. | |
| 526 | _aSEG42 | ||
| 526 | _aSEG41 | ||
| 526 | _aSEG40 | ||
| 526 | _aSEG39 | ||
| 526 | _aP94 | ||
| 526 | _aP87 | ||
| 526 | _aP86 | ||
| 526 | _aP85 | ||
| 526 | _aP77 | ||
| 526 | _aP76 | ||
| 526 | _aP35 | ||
| 942 |
_2ddc _cBOOK |
||
| 949 |
_a253.7 R7 _wDEWEY _c1 _i18397 _lCCODEBUL1 _mBUL _p00.00 _r0 _sY _tBOOK _u2015-06-24 _xBIBLIOTECA _zUNKNOWN _0COMPRA _o.STAFF. Colección General |
||
| 596 | _a1 | ||
| 999 |
_a253.7 R7 _wDEWEY _c36674 _i18397 _f2021-11-12 _g5 _lCCODEBUL1 _mBUL _r0 _sY _tBOOK _u2015-6-24 _xTEOLOGIA _zUNKNOWN _0COMPRA _o.STAFF. Colección General _d36674 |
||
| 980 |
_81 _gALBERTO SANCHEZ Responsable de Automatización |
||